[Event "Mittelfranken-chTB1 1819"]
[Site "Mittelfranken"]
[Date "2019.04.28"]
[Round "9.8"]
[White "Habermann, Manfred"]
[Black "Albayrak, Aylin"]
[Result "1-0"]
[WhiteElo "1853"]
[BlackElo "1677"]
[PlyCount "167"]
[EventDate "2018.10.14"]
[EventType "team-tourn"]
[EventRounds "9"]
[EventCountry "GER"]
[SourceTitle "EXT 2022"]
[Source "ChessBase"]
[SourceDate "2021.10.06"]
[SourceVersion "1"]
[SourceVersionDate "2021.10.06"]
[SourceQuality "1"]
[WhiteTeam "Herzogenaurach II"]
[BlackTeam "Nuernberg Zabo Eintracht"]
[WhiteTeamCountry "GER"]
[BlackTeamCountry "GER"]

1. d4 d5 2. Nf3 Nf6 3. c4 e6 4. Nc3 Bb4 5. Bg5 h6 6. Bh4 g5 7. Bg3 Ne4 8. Qc2 Nxc3 9. bxc3 Bd6 10. c5 Bxg3 11. hxg3 b6 12. cxb6 axb6 13. e3 Ba6 14. Be2 Bxe2 15. Kxe2 Nd7 16. c4 g4 17. Nd2 Nf6 18. c5 bxc5 19. Qxc5 Nd7 20. Qc6 Qc8 21. Rhc1 Kd8 22. Ke1 Ra6 23. Qc3 c6 24. f3 Qc7 25. Kf2 h5 26. Rh1 Nf6 27. e4 Qa5 28. Qxa5+ Rxa5 29. e5 Nd7 30. Nb3 Rb5 31. fxg4 f6 32. gxh5 fxe5 33. g4 Nf6 34. Kf3 e4+ 35. Kf4 Kc7 36. h6 Nh7 37. Rac1 Kd6 38. Rc5 Rf8+ 39. Kg3 Rxc5 40. dxc5+ Ke5 41. Rh5+ Kf6 42. Nd4 Rc8 43. Kh4 e3 44. g5+ Kg6 45. Nxe6 Kf5 46. Nd4+ Ke4 47. Nf3 e2 48. g6 Ke3 49. gxh7 Rh8 50. Kg3 Rxh7 51. Re5+ Kd3 52. Re6 Kc4 53. Kf2 Kxc5 54. Kxe2 d4 55. Kd3 Rd7 56. Ne5 Rc7 57. g4 Kd5 58. Rxc6 Ra7 59. Rc2 Ra3+ 60. Kd2 Kxe5 61. g5 Kf5 62. h7 Rh3 63. Rc5+ Kg6 64. h8Q Rxh8 65. Kd3 Ra8 66. Rc2 Kxg5 67. Kxd4 Kf5 68. Re2 Ra3 69. Kc4 Kf4 70. Kb4 Ra8 71. a4 Rb8+ 72. Kc5 Rc8+ 73. Kb6 Rb8+ 74. Ka7 Rb1 75. a5 Kf5 76. Re7 Kf6 77. Rb7 Ra1 78. a6 Ke6 79. Rb6+ Kd7 80. Kb7 Rc1 81. a7 Rc7+ 82. Ka6 Rc8 83. Rb8 Rc6+ 84. Kb5 1-0

[Event "Mittelfranken-chTB1 1819"]
[Site "Mittelfranken"]
[Date "2018.10.14"]
[Round "1.8"]
[White "Oberhofer, Marc"]
[Black "Habermann, Manfred"]
[Result "0-1"]
[WhiteElo "1702"]
[BlackElo "1853"]
[PlyCount "86"]
[EventDate "2018.10.14"]
[EventType "team-tourn"]
[EventRounds "9"]
[EventCountry "GER"]
[SourceTitle "EXT 2022"]
[Source "ChessBase"]
[SourceDate "2021.10.06"]
[SourceVersion "1"]
[SourceVersionDate "2021.10.06"]
[SourceQuality "1"]
[WhiteTeam "Heideck/Hilpoltstein"]
[BlackTeam "Herzogenaurach II"]
[WhiteTeamCountry "GER"]
[BlackTeamCountry "GER"]

1. e4 e6 2. d4 d5 3. exd5 exd5 4. Bd3 Nf6 5. Bf4 Be7 6. h3 c6 7. Nf3 0-0 8. Nbd2 Re8 9. 0-0 Nbd7 10. c3 Nf8 11. Qc2 Ng6 12. Be5 Bd6 13. Rae1 Bxe5 14. Nxe5 Be6 15. f4 Nf8 16. Re3 Qc7 17. Rfe1 c5 18. dxc5 Qxc5 19. Nb3 Qc7 20. Nd4 a6 21. Qf2 N6d7 22. Ng4 Nc5 23. Qg3 Kh8 24. Ne5 Nxd3 25. Rxd3 f6 26. f5 fxe5 27. fxe6 Ng6 28. Nf3 Qb6+ 29. Rde3 Rxe6 30. Qf2 Rae8 31. Kh1 e4 32. Nd4 Rf6 33. Qd2 Ref8 34. Kg1 Qc5 35. Nb3 Qc4 36. R3e2 Nf4 37. Re3 Nd3 38. R1e2 Rf1+ 39. Kh2 Qc7+ 40. Rg3 Rb1 41. h4 Rxb2 42. Qxb2 Nxb2 43. Rxb2 Rf4 0-1

[Event "Regionalliga Nord-Ost 1718"]
[Site "Bayern"]
[Date "2018.03.18"]
[Round "8.5"]
[White "Erlbeck, Peter"]
[Black "Habermann, Manfred"]
[Result "1/2-1/2"]
[WhiteElo "1978"]
[BlackElo "1867"]
[PlyCount "88"]
[EventDate "2017.10.22"]
[EventType "team-tourn"]
[EventRounds "9"]
[EventCountry "GER"]
[SourceTitle "EXT 2022"]
[Source "ChessBase"]
[SourceDate "2021.10.06"]
[SourceVersion "1"]
[SourceVersionDate "2021.10.06"]
[SourceQuality "1"]
[WhiteTeam "Nuernberg Sued SW II"]
[BlackTeam "Herzogenaurach II"]
[WhiteTeamCountry "GER"]
[BlackTeamCountry "GER"]

1. e4 e6 2. d4 b6 3. Nf3 Bb7 4. Bd3 d6 5. 0-0 Nd7 6. Nc3 Ne7 7. Re1 g6 8. d5 e5 9. a4 a6 10. Ng5 h6 11. Nh3 g5 12. f3 Bg7 13. Nf2 0-0 14. Ne2 Nc5 15. Ng3 Nxd3 16. Qxd3 Bc8 17. c4 f5 18. b4 a5 19. bxa5 Rxa5 20. Bd2 Ra7 21. a5 bxa5 22. Rxa5 Rxa5 23. Bxa5 f4 24. Nf1 Qd7 25. Rd1 Ba6 26. Qc3 c5 27. Rb1 Ra8 28. Nd2 Nc8 29. Qb3 h5 30. h3 Bf6 31. Nd1 Kf7 32. Nb2 Ra7 33. Ra1 Rb7 34. Qc2 Rb8 35. Bc3 Bb7 36. Qa4 Qxa4 37. Rxa4 Bd8 38. Kf2 Ra8 39. Rxa8 Bxa8 40. Ke2 Bb7 41. Kd3 Na7 42. Nb3 Bc8 43. Ba5 Ke7 44. Kc3 Bd7 1/2-1/2

[Event "Mittelfranken-chTB2a 1516"]
[Site "Mittelfranken"]
[Date "2016.02.14"]
[Round "6.4"]
[White "Muenster, Manfred"]
[Black "Habermann, Manfred"]
[Result "0-1"]
[WhiteElo "1875"]
[BlackElo "1818"]
[PlyCount "86"]
[EventDate "2015.10.18"]
[EventType "team-tourn"]
[EventRounds "9"]
[EventCountry "GER"]
[SourceTitle "EXT 2020"]
[Source "ChessBase"]
[SourceDate "2019.10.17"]
[SourceVersion "1"]
[SourceVersionDate "2019.10.17"]
[SourceQuality "1"]
[WhiteTeam "Heilsbronn"]
[BlackTeam "Herzogenaurach III"]
[WhiteTeamCountry "GER"]
[BlackTeamCountry "GER"]

1. e4 e6 2. d4 d5 3. e5 c5 4. c3 Nc6 5. Nf3 Qb6 6. Bd3 Bd7 7. 0-0 cxd4 8. cxd4 Nxd4 9. Nbd2 Nc6 10. Nb3 Nge7 11. Be3 Qc7 12. Rc1 Ng6 13. Nc5 Be7 14. b4 Bxc5 15. Bxc5 Ncxe5 16. Re1 Nxd3 17. Qxd3 Nf4 18. Qd2 Rc8 19. g3 b6 20. gxf4 bxc5 21. Rxc5 Qb7 22. f5 Rxc5 23. bxc5 0-0 24. f6 gxf6 25. Qf4 e5 26. Qxf6 Qc6 27. Qxe5 f6 28. Qe7 Re8 29. Qd6 Rxe1+ 30. Nxe1 Qxd6 31. cxd6 Kf7 32. Kf1 Ke6 33. Ke2 Kxd6 34. Kd3 Kc5 35. a3 Bf5+ 36. Kc3 d4+ 37. Kd2 Kc4 38. Ng2 Kb3 39. Nf4 Kxa3 40. Nd5 a5 41. Nxf6 Kb2 42. Nd5 a4 43. Nb6 a3 0-1

[Event "Mittelfranken-chTB2a 1516"]
[Site "Mittelfranken"]
[Date "2015.10.18"]
[Round "1.4"]
[White "Bala, Claudiu"]
[Black "Habermann, Manfred"]
[Result "0-1"]
[WhiteElo "1719"]
[BlackElo "1818"]
[PlyCount "90"]
[EventDate "2015.10.18"]
[EventType "team-tourn"]
[EventRounds "9"]
[EventCountry "GER"]
[SourceTitle "EXT 2020"]
[Source "ChessBase"]
[SourceDate "2019.10.17"]
[SourceVersion "1"]
[SourceVersionDate "2019.10.17"]
[SourceQuality "1"]
[WhiteTeam "Nuernberg Sued SW IV"]
[BlackTeam "Herzogenaurach III"]
[WhiteTeamCountry "GER"]
[BlackTeamCountry "GER"]

1. e4 g6 2. c4 Bg7 3. d4 d6 4. Nc3 Nd7 5. Be3 b6 6. Qd2 Bb7 7. 0-0-0 e6 8. f3 h6 9. g4 Ne7 10. h4 c6 11. Be2 Qc7 12. Nh3 0-0-0 13. Kb1 a6 14. Rc1 f6 15. Nf4 Nf8 16. d5 e5 17. dxc6 exf4 18. cxb7+ Kxb7 19. Bxf4 Ne6 20. Nd5 Qd7 21. Be3 Nc8 22. Rhd1 h5 23. Nb4 Nc7 24. gxh5 Rxh5 25. Rh1 a5 26. Nd5 Rdh8 27. Nf4 Rxh4 28. Rhd1 Qe8 29. Nd5 Na6 30. Nxb6 Nxb6 31. Qxa5 Qc6 32. c5 Nxc5 33. Bb5 Qc7 34. Ba6+ Kb8 35. Bxc5 dxc5 36. Rxc5 R4h5 37. b4 Rd8 38. Rxc7 Rxd1+ 39. Rc1 Rxc1+ 40. Kxc1 Rxa5 41. bxa5 Nd7 42. Kc2 Kc7 43. Bc4 Ne5 44. Be2 Nc6 45. a6 Nd4+ 0-1

[Event "Mittelfranken-chTB1 1415"]
[Site "Mittelfranken"]
[Date "2014.10.12"]
[Round "2.7"]
[White "Habermann, Manfred"]
[Black "Krisin, Joachim"]
[Result "0-1"]
[WhiteElo "1818"]
[BlackElo "1827"]
[PlyCount "78"]
[EventDate "2014.09.29"]
[EventType "team-tourn"]
[EventRounds "9"]
[EventCountry "GER"]
[SourceTitle "EXT 2020"]
[Source "ChessBase"]
[SourceDate "2019.10.17"]
[SourceVersion "1"]
[SourceVersionDate "2019.10.17"]
[SourceQuality "1"]
[WhiteTeam "Herzogenaurach"]
[BlackTeam "Siemens Erlangen"]
[WhiteTeamCountry "GER"]
[BlackTeamCountry "GER"]

1. d4 Nf6 2. c4 e6 3. Nc3 Bb4 4. f3 Nh5 5. Be3 f5 6. Qd2 b6 7. Bg5 Bxc3 8. bxc3 Nf6 9. e4 h6 10. Bxf6 Qxf6 11. Bd3 0-0 12. Ne2 d6 13. 0-0 c5 14. a3 Nc6 15. d5 Na5 16. Rab1 e5 17. exf5 Bxf5 18. Ng3 Bd7 19. Ne4 Qe7 20. Ra1 Nb3 21. Qc2 Nxa1 22. Rxa1 Bf5 23. Nxc5 bxc5 24. Bxf5 Rab8 25. Re1 Qh4 26. Re4 Qg5 27. Bh7+ Kxh7 28. h4 Qf5 29. g4 Qd7 30. Rxe5+ Kh8 31. Re6 Rxf3 32. Kg2 Rbf8 33. Qg6 R3f6 34. Rxf6 Rxf6 35. Qe4 Qf7 36. g5 Qg6 37. Qg4 Qc2+ 38. Kg3 Qxc3+ 39. Kg2 Qd2+ 0-1

[Event "Mittelfranken-chTB1 1314"]
[Site "Mittelfranken"]
[Date "2014.05.04"]
[Round "9.7"]
[White "Dietrich, Jochen"]
[Black "Habermann, Manfred"]
[Result "1/2-1/2"]
[WhiteElo "1893"]
[BlackElo "1818"]
[PlyCount "64"]
[EventDate "2013.10.20"]
[EventType "team-tourn"]
[EventRounds "9"]
[EventCountry "GER"]
[SourceTitle "EXT 2020"]
[Source "ChessBase"]
[SourceDate "2019.10.17"]
[SourceVersion "1"]
[SourceVersionDate "2019.10.17"]
[SourceQuality "1"]
[WhiteTeam "Buechenbach/Roth II"]
[BlackTeam "Herzogenaurach"]
[WhiteTeamCountry "GER"]
[BlackTeamCountry "GER"]

1. g3 d5 2. Bg2 Nf6 3. Nf3 Bf5 4. d3 e6 5. 0-0 Bd6 6. Nbd2 0-0 7. Re1 Bb4 8. c4 c6 9. a3 Be7 10. b4 dxc4 11. Nxc4 Nbd7 12. Bb2 Nb6 13. Nfe5 Nfd7 14. Qb3 Nxe5 15. Bxe5 Nd7 16. Bb2 Bf6 17. Rac1 Bxb2 18. Qxb2 Nf6 19. Rc2 Qe7 20. Rec1 a6 21. Na5 Rab8 22. Qc3 Rfc8 23. Qc5 Qc7 24. Nc4 Rd8 25. Qb6 Qe7 26. Qc5 Qe8 27. Nd6 Qd7 28. Nc4 h6 29. Ne5 Qd6 30. Qxd6 Rxd6 31. Nc4 Rd4 32. Na5 Rd7 1/2-1/2

[Event "Mittelfranken-chTB1 1314"]
[Site "Mittelfranken"]
[Date "2014.02.16"]
[Round "6.6"]
[White "Habermann, Manfred"]
[Black "Petzold, Vinzenz"]
[Result "0-1"]
[WhiteElo "1818"]
[BlackElo "1997"]
[PlyCount "106"]
[EventDate "2013.10.20"]
[EventType "team-tourn"]
[EventRounds "9"]
[EventCountry "GER"]
[SourceTitle "EXT 2020"]
[Source "ChessBase"]
[SourceDate "2019.10.17"]
[SourceVersion "1"]
[SourceVersionDate "2019.10.17"]
[SourceQuality "1"]
[WhiteTeam "Herzogenaurach"]
[BlackTeam "Erlangen SC II"]
[WhiteTeamCountry "GER"]
[BlackTeamCountry "GER"]

1. d4 Nf6 2. c4 g6 3. Nc3 d5 4. cxd5 Nxd5 5. Nf3 Bg7 6. e3 0-0 7. Qb3 Nb6 8. Be2 Nc6 9. Bd2 Be6 10. Qd1 Bc4 11. 0-0 Bxe2 12. Qxe2 e5 13. dxe5 Nxe5 14. Nxe5 Bxe5 15. Rfd1 Qe7 16. e4 Rfe8 17. Re1 Rad8 18. Rab1 c6 19. g3 Nc4 20. Bc1 b5 21. Nd1 Bd4 22. b3 Ne5 23. Kg2 Nd7 24. Bb2 Nc5 25. Qc2 Bxb2 26. Rxb2 Nd3 27. Re3 Nxb2 28. Nxb2 c5 29. Nd3 Rc8 30. Nf4 Qe5 31. Ne2 c4 32. b4 Red8 33. f4 Qd6 34. a3 Qd2 35. Qxd2 Rxd2 36. Kf3 Rcd8 37. Nc3 R2d3 38. Nxb5 Rxe3+ 39. Kxe3 Rd3+ 40. Ke2 a6 41. Nc7 Rxa3 42. Kd2 a5 43. bxa5 Rxa5 44. Kc3 Ra2 45. Nd5 Rxh2 46. Nf6+ Kg7 47. e5 Rh3 48. Ne4 h5 49. Kxc4 h4 50. Kd4 hxg3 51. Ng5 Rh4 52. Ke3 g2 53. Nf3 Rh3 0-1

[Event "Mittelfranken-chTB1 1314"]
[Site "Mittelfranken"]
[Date "2013.10.20"]
[Round "1.6"]
[White "Schloetterer, Hermann"]
[Black "Habermann, Manfred"]
[Result "1-0"]
[WhiteElo "1762"]
[BlackElo "1818"]
[PlyCount "91"]
[EventDate "2013.10.20"]
[EventType "team-tourn"]
[EventRounds "9"]
[EventCountry "GER"]
[SourceTitle "EXT 2020"]
[Source "ChessBase"]
[SourceDate "2019.10.17"]
[SourceVersion "1"]
[SourceVersionDate "2019.10.17"]
[SourceQuality "1"]
[WhiteTeam "Nuernberg Zabo"]
[BlackTeam "Herzogenaurach"]
[WhiteTeamCountry "GER"]
[BlackTeamCountry "GER"]

1. d4 b6 2. c4 Bb7 3. Nc3 Nf6 4. Nf3 e6 5. g3 c5 6. d5 d6 7. Bg2 e5 8. 0-0 Be7 9. e4 0-0 10. Qe2 Re8 11. Ne1 Nbd7 12. Nd3 Ba6 13. b3 Nf8 14. f4 exf4 15. gxf4 Ng6 16. Bb2 Nd7 17. Nd1 Bf6 18. Ne3 Bxb2 19. Qxb2 f6 20. Nf5 Ndf8 21. Qf2 Bc8 22. Ne3 Rb8 23. Rae1 Bd7 24. h4 Qe7 25. h5 Nh8 26. Qg3 Nf7 27. Bf3 Nh6 28. Rf2 a5 29. Rg2 Qf7 30. Kh1 Re7 31. Reg1 Rbe8 32. Qh4 f5 33. e5 Ng4 34. Bxg4 fxg4 35. Nxg4 Bxg4 36. Rxg4 Qf5 37. Qh3 Kh8 38. e6 h6 39. Nf2 Nh7 40. Rh4 Qc2 41. Qg3 Qxa2 42. Ne4 Rd8 43. Rg4 Qb2 44. f5 Nf6 45. Rxg7 Nxh5 46. Rg8+ 1-0

[Event "Mittelfranken-chTB2b 1213"]
[Site "Germany"]
[Date "2013.02.11"]
[Round "7.8"]
[White "Oberhofer, Marc"]
[Black "Habermann, Manfred"]
[Result "0-1"]
[WhiteElo "1275"]
[BlackElo "1835"]
[PlyCount "50"]
[EventDate "2012.10.07"]
[EventType "team-tourn"]
[EventRounds "9"]
[EventCountry "GER"]
[SourceTitle "EXT 2019"]
[Source "ChessBase"]
[SourceDate "2018.10.10"]
[SourceVersion "1"]
[SourceVersionDate "2018.10.10"]
[SourceQuality "1"]
[WhiteTeam "Heideck/Hilpoltstein"]
[BlackTeam "Herzogenaurach"]
[WhiteTeamCountry "GER"]
[BlackTeamCountry "GER"]

1. e4 e6 2. Nc3 c5 3. Nf3 Nc6 4. Bc4 a6 5. a4 Nf6 6. d4 cxd4 7. Nxd4 Bc5 8. Be3 Qb6 9. Nce2 Qb4+ 10. Bd2 Qb6 11. Nxc6 Bxf2+ 12. Kf1 bxc6 13. Nc3 d5 14. exd5 cxd5 15. Bxd5 Nxd5 16. Nxd5 exd5 17. Qe2+ Be6 18. Qxf2 Qxb2 19. Rc1 0-0 20. Qe3 Rac8 21. Qd3 Rc4 22. Kf2 Rfc8 23. Qb3 Qf6+ 24. Kg1 Qg6 25. c3 Bh3 0-1

[Event "Mittelfranken-chTB2b 1213"]
[Site "Germany"]
[Date "2012.12.16"]
[Round "5.8"]
[White "Boehme, Markus"]
[Black "Habermann, Manfred"]
[Result "0-1"]
[WhiteElo "1507"]
[BlackElo "1835"]
[PlyCount "60"]
[EventDate "2012.10.07"]
[EventType "team-tourn"]
[EventRounds "9"]
[EventCountry "GER"]
[SourceTitle "EXT 2019"]
[Source "ChessBase"]
[SourceDate "2018.10.10"]
[SourceVersion "1"]
[SourceVersionDate "2018.10.10"]
[SourceQuality "1"]
[WhiteTeam "Uttenreuth"]
[BlackTeam "Herzogenaurach"]
[WhiteTeamCountry "GER"]
[BlackTeamCountry "GER"]

1. e4 b6 2. d4 Bb7 3. Nc3 d6 4. f4 g6 5. Nf3 Bg7 6. Be3 Nf6 7. Qd3 0-0 8. h3 Nh5 9. g4 Ng3 10. Rg1 Ba6 11. Qxa6 Nxa6 12. Bxa6 Nxe4 13. Nxe4 c5 14. 0-0-0 Qe8 15. Bc4 Qc6 16. d5 Qa4 17. Nfd2 b5 18. Bb3 Qa6 19. c4 Rfb8 20. Rg2 Bxb2+ 21. Kxb2 bxc4 22. Nxc4 Qxc4 23. Nc3 Qb4 24. Rc2 a5 25. Ka1 a4 26. Bxa4 Rxa4 27. Rb1 Rxa2+ 28. Rxa2 Qxc3+ 29. Rbb2 Qe1+ 30. Rb1 Qxb1# 0-1

[Event "Mittelfranken-chTB2b 1213"]
[Site "Germany"]
[Date "2012.12.02"]
[Round "4.7"]
[White "Leis, Stefan"]
[Black "Habermann, Manfred"]
[Result "1-0"]
[WhiteElo "1849"]
[BlackElo "1835"]
[PlyCount "95"]
[EventDate "2012.10.07"]
[EventType "team-tourn"]
[EventRounds "9"]
[EventCountry "GER"]
[SourceTitle "EXT 2019"]
[Source "ChessBase"]
[SourceDate "2018.10.10"]
[SourceVersion "1"]
[SourceVersionDate "2018.10.10"]
[SourceQuality "1"]
[WhiteTeam "Muehlhof/Schwabach"]
[BlackTeam "Herzogenaurach"]
[WhiteTeamCountry "GER"]
[BlackTeamCountry "GER"]

1. d4 e6 2. e4 b6 3. Nc3 Bb7 4. Be3 Bb4 5. Bd3 Nf6 6. f3 c5 7. a3 cxd4 8. Bxd4 Bc5 9. Nge2 0-0 10. 0-0 Qe7 11. Kh1 Nc6 12. Bc4 Bxd4 13. Nxd4 Qc5 14. Nxc6 dxc6 15. Qe2 b5 16. Bb3 a5 17. Qf2 Qxf2 18. Rxf2 Rad8 19. g3 Rd4 20. Kg2 Rfd8 21. Re1 g5 22. h3 h5 23. e5 Ne8 24. Ne4 g4 25. Nc5 Bc8 26. fxg4 hxg4 27. Ref1 Rd2 28. h4 Nc7 29. Ne4 Rxf2+ 30. Rxf2 Nd5 31. Bxd5 exd5 32. Ng5 Rf8 33. Rf6 Bd7 34. b4 axb4 35. axb4 Kg7 36. Kf2 Kg8 37. Ke3 Ra8 38. Rd6 Be8 39. h5 f6 40. exf6 Bxh5 41. Rxc6 Be8 42. Rc7 d4+ 43. Kxd4 Rd8+ 44. Ke5 Bd7 45. Ne6 Bxe6 46. Kxe6 Re8+ 47. Kf5 Kf8 48. Kg6 1-0

[Event "Mittelfranken-chTB2b 1112"]
[Site "Germany"]
[Date "2012.03.11"]
[Round "8.7"]
[White "Mueller, Roland2222"]
[Black "Habermann, Manfred"]
[Result "0-1"]
[WhiteElo "1545"]
[BlackElo "1835"]
[PlyCount "65"]
[EventDate "2011.09.25"]
[EventType "team-tourn"]
[EventRounds "9"]
[EventCountry "GER"]
[SourceTitle "EXT 2018"]
[Source "ChessBase"]
[SourceDate "2017.10.13"]
[SourceVersion "1"]
[SourceVersionDate "2017.10.13"]
[SourceQuality "1"]
[WhiteTeam "Lauf II"]
[BlackTeam "Herzogenaurach"]
[WhiteTeamCountry "GER"]
[BlackTeamCountry "GER"]

1. b3 d5 2. Bb2 c5 3. f4 Nc6 4. e3 Nf6 5. Nf3 Bg4 6. Be2 e6 7. 0-0 Be7 8. d3 0-0 9. Nbd2 Qc7 10. Ne5 Bxe2 11. Qxe2 d4 12. Nxc6 Qxc6 13. e4 a5 14. a4 b5 15. g4 e5 16. g5 Nd7 17. Qg4 exf4 18. Rxf4 Bd6 19. Rf3 Ne5 20. Qh5 Nxf3+ 21. Nxf3 Bf4 22. axb5 Qxb5 23. Bc1 Bxc1 24. Rxc1 Ra6 25. Nh4 a4 26. bxa4 Rxa4 27. Nf5 Ra6 28. Rf1 Qe8 29. Qf3 Rg6 30. Qf4 f6 31. h4 fxg5 32. hxg5 Qd8 33. Qe5 0-1

[Event "Mittelfranken-chTB2b 1112"]
[Site "Germany"]
[Date "2011.10.23"]
[Round "2.5"]
[White "Habermann, Manfred"]
[Black "Seitner, Ralf"]
[Result "1/2-1/2"]
[WhiteElo "1854"]
[BlackElo "1857"]
[PlyCount "105"]
[EventDate "2011.09.25"]
[EventType "team-tourn"]
[EventRounds "9"]
[EventCountry "GER"]
[SourceTitle "EXT 2013"]
[Source "ChessBase"]
[SourceDate "2012.11.22"]
[SourceVersion "1"]
[SourceVersionDate "2012.11.22"]
[SourceQuality "1"]
[WhiteTeam "Herzogenaurach"]
[BlackTeam "Neumarkt"]
[WhiteTeamCountry "GER"]
[BlackTeamCountry "GER"]

1. d4 Nf6 2. Nf3 g6 3. c4 Bg7 4. Nc3 d6 5. e4 0-0 6. h3 c5 7. d5 e6 8. Be2 exd5 9. exd5 Na6 10. 0-0 Nc7 11. Bg5 Qd7 12. Qd2 Re8 13. Bd3 b6 14. a4 Bb7 15. Rfe1 Rxe1+ 16. Rxe1 Re8 17. Nb5 a6 18. Nxc7 Qxc7 19. b3 Qd7 20. Bh6 Bh8 21. Qg5 Re7 22. Kf1 Qe8 23. Re3 Rxe3 24. fxe3 Bc8 25. Qf4 Qd7 26. e4 Qe7 27. Bg5 Bg7 28. Qh4 h6 29. Bxh6 Bxh6 30. Qxh6 Nxe4 31. Qf4 Nf6 32. g4 Nd7 33. Ng5 Qf6 34. Qxf6 Nxf6 35. Kf2 Kg7 36. Kg3 Bd7 37. Be4 Be8 38. Bf3 Bd7 39. h4 Be8 40. Nh3 Nh7 41. Kf4 Bd7 42. Be4 Nf6 43. Nf2 Bxg4 44. Nxg4 Nxe4 45. Kxe4 f5+ 46. Kf4 fxg4 47. Kxg4 Kg8 48. h5 gxh5+ 49. Kxh5 Kh7 50. Kg5 Kg7 51. Kf5 Kf7 52. a5 bxa5 53. Kg5 1/2-1/2

[Event "Mittelfranken-chTB2a 0910"]
[Site "Mittelfranken"]
[Date "2010.01.31"]
[Round "6.3"]
[White "Habermann, Manfred"]
[Black "Nehls, Benedikt"]
[Result "0-1"]
[WhiteElo "1898"]
[BlackElo "1854"]
[PlyCount "118"]
[EventDate "2009.10.11"]
[EventType "team-tourn"]
[EventRounds "9"]
[EventCountry "GER"]
[SourceTitle "EXT 2011"]
[Source "ChessBase"]
[SourceDate "2010.11.26"]
[SourceVersion "1"]
[SourceVersionDate "2010.11.26"]
[SourceQuality "1"]
[WhiteTeam "Herzogenaurach"]
[BlackTeam "Erlangen SC II"]
[WhiteTeamCountry "GER"]
[BlackTeamCountry "GER"]

1. d4 Nf6 2. c4 g6 3. Nc3 d5 4. Nf3 Bg7 5. Bf4 0-0 6. h3 c5 7. e3 Nc6 8. Ne5 Qa5 9. Qd2 cxd4 10. exd4 Be6 11. c5 Rfe8 12. Be2 Rac8 13. 0-0 Nxe5 14. Bxe5 Qd8 15. b4 Ne4 16. Nxe4 dxe4 17. Bxg7 Kxg7 18. Bb5 Rf8 19. Qc3 Bd5 20. Bc4 e6 21. a4 Qh4 22. Be2 f5 23. f3 Qg5 24. fxe4 fxe4 25. Kh2 h5 26. Rad1 e3 27. Rf3 Bxf3 28. Bxf3 Qf4+ 29. Kh1 Kh7 30. Bxb7 Rc7 31. Bf3 Rcf7 32. Re1 Rd8 33. Rd1 Rdf8 34. Rd3 Rd8 35. b5 g5 36. Rxe3 Rxd4 37. Re4 Rxe4 38. Qc2 Kg7 39. Qxe4 Qc1+ 40. Kh2 Qxc5 41. Qxe6 h4 42. Bh5 Qc7+ 43. Kg1 Rf6 44. Qe3 Qb6 45. Qxb6 axb6 46. g3 Kf8 47. Kg2 Ke7 48. gxh4 gxh4 49. Bf3 Kd6 50. Kf2 Kc5 51. Ke3 Kb4 52. Bc6 Kxa4 53. Kd4 Kb4 54. Kd5 Rf5+ 55. Kd6 Rxb5 56. Bxb5 Kxb5 57. Kd5 Kb4 58. Kd4 b5 59. Kd3 Kb3 0-1

[Event "Mittelfranken-chTB2a 0809"]
[Site "Mittelfranken"]
[Date "2008.12.07"]
[Round "3.5"]
[White "Habermann, Manfred"]
[Black "Meyer, Harald"]
[Result "1/2-1/2"]
[WhiteElo "1872"]
[BlackElo "1762"]
[PlyCount "100"]
[EventDate "2008.10.12"]
[EventType "team"]
[EventRounds "9"]
[EventCountry "GER"]
[SourceTitle "EXT 2011"]
[Source "ChessBase"]
[SourceDate "2010.11.26"]
[SourceVersion "1"]
[SourceVersionDate "2010.11.26"]
[SourceQuality "1"]
[WhiteTeam "Herzogenaurach"]
[BlackTeam "Grossenseebach II"]
[WhiteTeamCountry "GER"]
[BlackTeamCountry "GER"]

1. d4 d5 2. Nf3 Nf6 3. c4 c6 4. Nc3 e6 5. e3 dxc4 6. Bxc4 b5 7. Bd3 Bb7 8. 0-0 Nbd7 9. e4 a6 10. e5 Nd5 11. Nxd5 cxd5 12. Bg5 Be7 13. Qd2 Bxg5 14. Nxg5 h6 15. Nf3 0-0 16. Rac1 Nb6 17. b3 Rc8 18. Rxc8 Nxc8 19. Rc1 Ne7 20. Rc5 Qb6 21. Bb1 Bc6 22. Nh4 Rc8 23. b4 Qb7 24. g4 Bd7 25. g5 h5 26. g6 fxg6 27. Nxg6 Nxg6 28. Bxg6 Be8 29. Qc2 Ra8 30. Bxe8 Rxe8 31. Rc7 Qb6 32. Qc5 Qb8 33. Rd7 Qc8 34. Rd6 Qb7 35. Qc6 Qf7 36. Qc3 Qg6+ 37. Qg3 Qb1+ 38. Kg2 Qe4+ 39. f3 Qc2+ 40. Kh1 Rf8 41. Rd7 Qb1+ 42. Kg2 Qc2+ 43. Kh3 Qf5+ 44. Kh4 g6 45. Re7 Rf7 46. Rxf7 Kxf7 47. Qg5 Qxf3 48. a3 Qf2+ 49. Kh3 Qf3+ 50. Kh4 Qf2+ 1/2-1/2

[Event "Mittelfrankenliga-B2a 0708"]
[Site "Mittelfranken"]
[Date "2008.02.17"]
[Round "6.5"]
[White "Habermann, Manfred"]
[Black "Mueller, Werner5555"]
[Result "1-0"]
[WhiteElo "1872"]
[BlackElo "1718"]
[PlyCount "87"]
[EventDate "2007.10.14"]
[EventType "team-tourn"]
[EventRounds "9"]
[EventCountry "GER"]
[SourceTitle "EXT 2011"]
[Source "ChessBase"]
[SourceDate "2010.11.26"]
[SourceVersion "1"]
[SourceVersionDate "2010.11.26"]
[SourceQuality "1"]
[WhiteTeam "Herzogenaurach"]
[BlackTeam "Erlangen BSGW"]
[WhiteTeamCountry "GER"]
[BlackTeamCountry "GER"]

1. d4 Nf6 2. c4 c5 3. e3 g6 4. Nf3 Bg7 5. Be2 0-0 6. Bd2 cxd4 7. exd4 d5 8. 0-0 Nc6 9. Be3 Bg4 10. Ne5 Bxe2 11. Qxe2 e6 12. Nc3 Qa5 13. a3 Rfd8 14. b4 Qc7 15. Nb5 Qe7 16. c5 Ne8 17. f4 a6 18. Nc3 f6 19. Nxc6 bxc6 20. Na4 e5 21. Qd2 Nc7 22. Nb6 Ra7 23. Rae1 e4 24. f5 Na8 25. Bf4 gxf5 26. a4 Kh8 27. a5 Rg8 28. Bd6 Qe6 29. Qf4 Qf7 30. Re3 Nc7 31. Bxc7 Rxc7 32. Rh3 Bf8 33. Qxf5 Rg6 34. Rf4 Qg7 35. g3 Be7 36. Rfh4 Bd8 37. Rxh7+ Qxh7 38. Rxh7+ Kxh7 39. Kf2 Kg7 40. Nc8 Rg5 41. Qe6 Rb7 42. Nd6 Rxb4 43. Qd7+ Kh6 44. Nf7+ 1-0

[Event "Mittelfrankenliga-B2a 0607"]
[Site "Mittelfranken"]
[Date "2007.01.28"]
[Round "5.5"]
[White "Habermann, Manfred"]
[Black "Zimmer, Stefan"]
[Result "1/2-1/2"]
[WhiteElo "1897"]
[BlackElo "1756"]
[PlyCount "58"]
[EventDate "2006.10.22"]
[EventType "team-tourn"]
[EventRounds "9"]
[EventCountry "GER"]
[SourceTitle "EXT 2011"]
[Source "ChessBase"]
[SourceDate "2010.11.26"]
[SourceVersion "1"]
[SourceVersionDate "2010.11.26"]
[SourceQuality "1"]
[WhiteTeam "Herzogenaurach"]
[BlackTeam "Neustadt"]
[WhiteTeamCountry "GER"]
[BlackTeamCountry "GER"]

1. c4 e6 2. Nc3 b6 3. Nf3 Bb7 4. d4 Nf6 5. Bf4 Bb4 6. e3 0-0 7. Rc1 d6 8. Be2 Ne4 9. 0-0 Bxc3 10. bxc3 Nd7 11. Nd2 f5 12. f3 Nxd2 13. Qxd2 e5 14. Bg3 Qe7 15. f4 Rae8 16. fxe5 dxe5 17. Bh5 Rd8 18. Bf3 Bxf3 19. gxf3 Qg5 20. f4 exf4 21. exf4 Qg4 22. Qg2 Nf6 23. Rce1 Ne4 24. Re3 Rd6 25. Be1 Qh5 26. Kh1 Rh6 27. Qe2 Qxe2 28. Rxe2 Rh3 29. Kg2 Rd3 1/2-1/2